| 000 | 01053cam a22003133a 4500 | ||
|---|---|---|---|
| 001 | 12632 | ||
| 003 | PGUSA | ||
| 005 | 20140828083255.0 | ||
| 008 | 040601s2004||||xxu|||||s|||||000 | eng d | ||
| 040 |
_aPGUSA _beng |
||
| 042 | _adc | ||
| 050 | 4 | _aPR | |
| 100 | 1 |
_aFields, James Thomas, _d1817-1881 |
|
| 245 | 1 | 0 |
_aYesterdays with Authors _h[electronic resource] / _cJames Thomas Fields |
| 260 |
_bProject Gutenberg, _c2004 |
||
| 505 | 0 | _aThackeray -- Hawthorne -- Dickens -- Wordsworth -- Miss Mitford -- "Barry Cornwall" and some of his friends. | |
| 506 | _aPublic domain in the USA. | ||
| 516 | _aElectronic text | ||
| 653 | _aHawthorne, Nathaniel, 1804-1864 | ||
| 653 | _aMitford, Mary Russell, 1787-1855 | ||
| 653 | _aCornwall, Barry, 1787-1874 | ||
| 653 | _aDickens, Charles, 1812-1870 | ||
| 653 | _aWordsworth, William, 1770-1850 | ||
| 653 | _aAuthors -- Biography | ||
| 653 | _aThackeray, William Makepeace, 1811-1863 | ||
| 830 | 0 |
_aProject Gutenberg _v12632 |
|
| 856 | 4 | 0 | _uhttp://www.gutenberg.org/ebooks/12632 |
| 942 | _cEB | ||
| 999 |
_c241887 _d241887 |
||